|
|
|
|
| LEADER |
00000nam a2200000 a 4500 |
| 001 |
vtls001289756 |
| 003 |
SK-MaSNL |
| 005 |
20260301004534.0 |
| 008 |
251029s1997 xo ra 0000j cze |
| 015 |
|
|
|a SNBA1997/1002760
|
| 020 |
|
|
|a 8080490716
|
| 035 |
|
|
|a SNK000241381
|
| 040 |
|
|
|a SNK
|b slo
|c SNK
|e AACR2
|
| 041 |
1 |
|
|a cze
|h eng
|
| 044 |
|
|
|a xo
|c SK
|
| 080 |
|
|
|a 820 (73)-3=850
|2 1981
|
| 100 |
1 |
|
|a Evanovich, Janet
|4 aut
|9 40447
|
| 240 |
1 |
0 |
|a Naughty neighbor
|l Česky
|
| 245 |
1 |
0 |
|a Pokušitel
|c Janet Evanovich ; [přeložil R. Koutný]
|
| 260 |
|
|
|a Martin
|b Wist
|c 1997
|
| 300 |
|
|
|a 169 s.
|c 18 cm
|
| 490 |
1 |
|
|a Love story
|v 105
|
| 500 |
|
|
|a Údaj o prekl. prevzatý z rubu tit. strany
|
| 650 |
0 |
7 |
|a americká literatúra
|2 SNKPH
|9 1170
|
| 650 |
0 |
7 |
|a ľúbostné romány
|2 SNK
|9 85247
|
| 655 |
|
7 |
|a americké romány
|2 SNK
|9 1174
|
| 700 |
1 |
|
|a Koutný, Radim
|4 trl
|9 44950
|
| 830 |
|
0 |
|a Love story
|9 276554
|
| 919 |
|
|
|a 80-8049-071-6
|
| 958 |
|
|
|a UP
|
| 958 |
|
|
|a LX
|
| 968 |
|
|
|a Čes
|b ENG
|
| 999 |
|
|
|c 542413
|d 544343
|
| 952 |
|
|
|t P60, <09>, [BOOK], {629}
|a SNK
|b SNK
|y NEVYP
|7 0
|o snkD 356
|i snk2698/970616
|0 0
|1 0
|4 0
|d 1997-06-13
|l 0
|r 2005-01-02 00:00:00
|w 2026-02-23
|
| 952 |
|
|
|t P60, <03>, [BOOK], {603}
|a SNK
|b SNK
|y PREZ
|7 0
|p 17A0072879
|o snkSD 68678
|i snkKSP 6118/97
|0 0
|1 0
|4 0
|d 1997-06-13
|l 0
|r 2005-01-02 00:00:00
|w 2026-02-23
|
| 952 |
|
|
|t P60, <04>, [BOOK], {604}
|a SNK
|b SNK
|y VYP
|7 0
|p 17A0072878
|o snkSD 68678 D1
|i snkKSP 6119/97
|0 0
|1 0
|4 0
|d 1997-06-13
|l 0
|r 2005-01-02 00:00:00
|w 2026-02-23
|